• 首页
  • 本馆介绍
  • 公告通知
  • 最新文献
  • 馆藏检索
  • 电子资源
  • 读者导购
  • 参考咨询
  • 我的图书馆
  • 登录
  • 详细信息显示
  • 放入我的书架
  • 预约/预借图书
  • 作者相关作品
  • 分类相关作品
  • 丛书相关作品
  • 出版社相关作品

书目信息

  • 表格格式
  • 工作单格式
  • 卡片格式
题名:
学校史话
    
 
作者: 樊克政 著
分册:  
出版信息: 北京   社会科学文献出版社  2011.12
页数: 167页
开本: 21cm
丛书名: 中国史话
单 册:
中图分类: G529.2
科图分类:
主题词: 封建社会学校--中国--史料 , 教育史--中国--古代--史料 , 封建社会学校 , 教育史
电子资源:
ISBN: 978-7-5097-2800-0
000 01039oam2 2200301 450
001 010700122046
005 20120619095619.92
010    @a978-7-5097-2800-0@dCNY15.00
100    @a20120223d2011 em y0chiy50 ea
101 0  @achi
102    @aCN@b110000
105    @ay z 000yy
106    @ar
200 1  @a学校史话@9xue xiao shi hua@dA brief history of schools in China@f樊克政著@zeng
210    @a北京@c社会科学文献出版社@d2011.12
215    @a167页@d21cm
225 2  @a中国史话@i制度、名物与史事沿革系列
330    @a本书共分为十三部分,主要内容包括:中国学校的起源;西周的学校;春秋时期的学校;战国时期的学校;魏、晋、南北朝时期的学校等。
462  0 @12001 @a中国史话@i制度、名物与史事沿革系列
510 1  @aBrief history of schools in China@zeng
606 0  @a封建社会学校@y中国@x史料
606 0  @a教育史@y中国@z古代@x史料
606 0  @a封建社会学校
606 0  @a教育史
690    @aG529.2@v4
701  0 @a樊克政@9fan ke zheng@f(1942-)@4著
801  0 @aCN@bRENTIAN@c20120223
905    @b538263-67@dG529.2@e149@f5
    
    学校史话=A brief history of schools in China/樊克政著.-北京:社会科学文献出版社,2011.12
    167页;21cm.-(中国史话.制度、名物与史事沿革系列)
    
    
    ISBN 978-7-5097-2800-0:CNY15.00
    本书共分为十三部分,主要内容包括:中国学校的起源;西周的学校;春秋时期的学校;战国时期的学校;魏、晋、南北朝时期的学校等。
●
相关链接 在E读中查询图书 在五车中查询图书 在当当中查询图书 在豆瓣中查询图书


正题名:学校史话     索取号:G529.2/149         预约/预借

序号 登录号 条形码 馆藏地/架位号 状态 备注
1 538263   205382637   第一样本阅览室/ [索取号:G529.2/149] 在馆    
2 538264   205382646   第四借阅区/ [索取号:G529.2/149] 在馆    
3 538265   205382655   第四借阅区/ [索取号:G529.2/149] 在馆    
4 538266   205382664   第四借阅区/ [索取号:G529.2/149] 在馆    
5 538267   205382673   第四借阅区/ [索取号:G529.2/149] 在馆    
唐山师范学院图书馆 欢迎您!
大连网信软件有限公司© 版权所有